000 00638nam a2200217Ia 4500
005 20260429112016.0
008 260429s9999||||xx |||||||||||||| ||und||
020 _a9781032360287
041 _aEnglish
082 _a343.099
_bPOM
100 _aPomfret, Kevin D.
245 0 _aGeospatial law, policy and ethics :
_bwhere geospatial technology is taking the law /
_cKevin D. Pomfret
250 _a1st ed.
260 _aNew Delhi :
_bRoutledge,
_c2025.
300 _axi, 148 p.; pbk
650 _a Ethics
650 _a Law and legislation
650 _a Policy studies
650 _aGeospatial information systems
942 _cTB
999 _c51868
_d51868